Paesi e territori con punti cardinali nel nome - Statistics

Statistiche generali
  • Questo quiz è stato fatto 57 volte
    33 dall'ultimo reset
  • Il punteggio medio è 12 su 18
Statistiche sulle risposte
Descrizione Nome Paese % Corretto
Paese Asiatico Corea del Nord
93%
Paese Asiatico Corea del Sud
93%
Paese Africano SudAfrica
89%
Paese Africano Sudan del Sud
86%
Paese Europeo Macedonia del Nord
82%
Stato USA North Carolina
82%
Stato USA South Dakota
82%
Stato del Regno Unito Irlanda del Nord
79%
Stato USA North Dakota
79%
Stato USA South Carolina
79%
Paese Asiatico Timor Est
79%
Provincia Italiana (Nome tedesco) Sud Tirolo
61%
Stato USA West Virginia
61%
Ex provincia italiana dal 2016 Sud Sardegna
43%
Paese Africano non riconosciuto Western Sahara
25%
Paese Asiatico non riconosciuto Ossezia del Sud
21%
Regione Palestinese West Bank
18%
Paese Asiatico non riconosciuto Cipro del Nord
14%
Nessun quiz corrispondente trovato
Distribuzione punteggi
Percentuale di utenti per punteggio
Percentile per numero di risposta
I tuoi punteggi nel tempo
Non hai fatto questo quiz dall'ultimo reset